000 nam a22 7a 4500
999 _c27477
_d27476
003 OSt
005 20170518104609.0
008 170509b xxu||||| |||| 00| 0 eng d
020 _a0697085406
040 _aMMU
_beng
_cMMU
_dMMU
050 _aP93.5 .D46 1992
100 _aDenton, Craig
245 _aGraphics for visual communication
_cCraig Denton
260 _aNew York :
_bWCB,
_c1992
300 _axv, 383 p.
500 _aIncludes index
650 _aVisual Communication
942 _2lcc
_cLOAN LOAN